Catálogo

El cerebro moral : (Registro nro. 41970)

Detalles MARC
000 -LEADER
fixed length control field 01319cam a2200373 i 4500
001 - CONTROL NUMBER
control field 41970
003 - CONTROL NUMBER IDENTIFIER
control field Mx-PuUPA
005 - DATE AND TIME OF LATEST TRANSACTION
control field 20260126125609.0
008 - FIXED-LENGTH DATA ELEMENTS--GENERAL INFORMATION
fixed length control field 140415s2012 sp gr 001 0 spa d
017 ## - COPYRIGHT OR LEGAL DEPOSIT NUMBER
Copyright or legal deposit number B-9791-2012
020 ## - INTERNATIONAL STANDARD BOOK NUMBER
International Standard Book Number 9788449327155
040 ## - CATALOGING SOURCE
Transcribing agency Mx-PuUPA
Original cataloging agency Mx-PuUPA
Language of cataloging spa
Modifying agency Mx-PuUPA
Description conventions rda
041 1# - LANGUAGE CODE
Language code of text/sound track or separate title spa
Language code of original eng
100 1# - MAIN ENTRY--PERSONAL NAME
Personal name Churchland, Patricia Smith,
Relator term autor
9 (RLIN) 17790
240 10 - UNIFORM TITLE
Uniform title Braintrust.
Language of a work Español
245 13 - TITLE STATEMENT
Title El cerebro moral :
Remainder of title lo que la neurociencia nos cuenta sobre la moralidad /
Statement of responsibility, etc. Patricia S. Churchland ; traducción, Carme Font Paz
250 ## - EDITION STATEMENT
Edition statement 1a. edición /
Remainder of edition statement mayo
264 #1 - PRODUCTION, PUBLICATION, DISTRIBUTION, MANUFACTURE, AND COPYRIGHT NOTICE
Place of production, publication, distribution, manufacture Barcelona, España :
Name of producer, publisher, distributor, manufacturer Paidós,
Date of production, publication, distribution, manufacture, or copyright notice 2012
300 ## - PHYSICAL DESCRIPTION
Extent 319 páginas ;
Dimensions 24 cm
336 ## - CONTENT TYPE
Fuente rdacontent
Content type term texto
Content type code txt
337 ## - MEDIA TYPE
Source rdamedia
Media type term sin medio
Media type code n
338 ## - CARRIER TYPE
Source rdacarrier
Carrier type term volumen
Carrier type code nc
490 0# - SERIES STATEMENT
Series statement Paidós Transiciones
650 #7 - SUBJECT ADDED ENTRY--TOPICAL TERM
Source of heading or term armarc
9 (RLIN) 13986
Topical term or geographic name entry element Ética
650 #7 - SUBJECT ADDED ENTRY--TOPICAL TERM
Source of heading or term armarc
Topical term or geographic name entry element Neurobiología
650 #7 - SUBJECT ADDED ENTRY--TOPICAL TERM
Source of heading or term armarc
Topical term or geographic name entry element Neuropsicología
650 #7 - SUBJECT ADDED ENTRY--TOPICAL TERM
Source of heading or term armarc
Topical term or geographic name entry element Neurociencias
General subdivision Métodos
650 #7 - SUBJECT ADDED ENTRY--TOPICAL TERM
Source of heading or term armarc
Topical term or geographic name entry element Filosofía
700 1# - ADDED ENTRY--PERSONAL NAME
Personal name Font Paz, Carme
765 0# - ORIGINAL LANGUAGE ENTRY
Main entry heading Churchland, Patricia S.
Title Braintrust
Place, publisher, and date of publication [lugar de publicación no identificado] : Princeton University Press, ©2011
942 ## - ADDED ENTRY ELEMENTS (KOHA)
Source of classification or shelving scheme Dewey Decimal Classification
Koha item type Libro
Classification part 612.8
Item part C5518
Existencias
Withdrawn status Lost status Source of classification or shelving scheme Damaged status Not for loan Collection code Home library Current library Shelving location Date acquired Source of acquisition Total Checkouts Full call number Barcode Price effective from Koha item type
    Dewey Decimal Classification     General Centro de Estudios en Ciencia y Religión Centro de Estudios en Ciencia y Religión Sala general 03/12/2013 Compra   612.8 C5518 2012 63280 03/12/2013 Libro